Essays in American diplomacy.

Bibliographic Details
Main Author: Rappaport, Armin
Format: Book
Language:English
Published: New York : Macmillan, [1967]
Subjects:

MARC

Tag First Indicator Second Indicator Subfields
LEADER 00000cam a2200000 4500
001 in00000057606
005 20151008050410.0
008 770503s1967 nyu 00000 engs
010 |a  67016713  
035 |a (OCoLC)02936962 
035 |9 AAG0821AM 
040 |a DLC  |c CWR  |d TXA  |d UtOrBLW 
049 |a TXAM  |c 1 [473872] 
050 0 0 |a E183.7  |b .R28 
082 0 |a 327.73 
092 |a 327.73  |b R221e 
100 1 |a Rappaport, Armin. 
245 1 0 |a Essays in American diplomacy. 
264 1 |a New York :  |b Macmillan,  |c [1967] 
300 |a x, 331 pages ;  |c 24 cm. 
336 |a text  |b txt  |2 rdacontent 
337 |a unmediated  |b n  |2 rdamedia 
338 |a volume  |b nc  |2 rdacarrier 
651 0 |a United States  |x Foreign relations. 
999 |a MARS 
999 f f |s 67b4a168-6d1e-3db2-be8d-27640d978c3e  |i 30f0add4-6bd0-35db-bb21-64f72dffb4aa  |t 0 
952 f f |p normal  |a Texas A&M University  |b College Station  |c Sterling C. Evans Library  |d Evans: Library Stacks  |t 0  |e E183.7 .R28  |h Library of Congress classification  |i unmediated -- volume  |m A14800679521 
998 f f |a E183.7 .R28  |t 0  |l Evans: Library Stacks